Populačné trendy v hlavných mestách strednej a východnej Európy

Gespeichert in:
Bibliographische Detailangaben
Format: Buch
Sprache:Slowakisch
Englisch
Veröffentlicht: Bratislava Krajská správa ŠÚ SR 1997
Schlagworte:
Tags: Tag hinzufügen
Keine Tags, Fügen Sie das erste Tag hinzu!

MARC

LEADER 00000nam a2200000 4500
001 c019751
005 20260303111254.3
041 0 |a slo 
041 0 |a eng 
044 |a SK 
245 1 0 |a Populačné trendy v hlavných mestách strednej a východnej Európy 
264 1 |a Bratislava  |b Krajská správa ŠÚ SR  |c 1997 
300 |a 57 s. 
610 2 0 |a populácia 
610 2 0 |a obyvateľstvo 
610 2 0 |a demografia 
610 2 0 |a úmrtnosť 
610 2 0 |a prírastok obyvateľstva 
610 2 0 |a hustota obyvateľstva 
610 2 0 |a Slovensko 
610 2 0 |a Bratislava 
610 2 0 |a Budapešť 
610 2 0 |a Praha 
610 2 0 |a Varšava 
610 2 0 |a Viedeň